000 00944nam a2200217Ia 4500
999 _c37502
_d37502
001 3465
003 GE_BSU
005 20190604145954.0
008 181216s1986||||ge |||||||||||||| ||geo||
040 _cGE_BSU
041 _ageo
080 _a793(479.22) ი-96
100 _aიუსტინსკაია, ჰენრიეტა
_92047
245 _aთანამედროვე ქართული ჭედურობა= Современная Грузинская чеканка=Modern Georgian chased art /
_cჰენრიეტა, იუსტინსკაია.
264 _aთბილისი :
_bხელოვნება,
_c1986.
300 _a134 გვ .:
_c22 სმ.
504 _aბიბლიოგრ.:გვ.120-132
653 _aთანამედროვე ქართული ჭედურობა
653 _aქართული ჭედურობა.
942 _cBK
_2udc